Informe no.2. Replanteo de un puente y de una alcantarilla
Enregistré dans:
| Auteur principal: | |
|---|---|
| Autres auteurs: | , , , |
| Format: | Livre |
| Langue: | Spanish |
| Publié: |
[San José, Costa Rica]
1981
|
| Tags: |
Ajouter un tag
Pas de tags, Soyez le premier à ajouter un tag!
|
MARC
| LEADER | 00000nam a2200000Ia 4500 | ||
|---|---|---|---|
| 003 | PIT142 | ||
| 005 | 20231208144242.0 | ||
| 008 | 140114s1981 cr a 000 ||spa d | ||
| 040 | |c cru CEDI | ||
| 090 | |a PIT 142 | ||
| 100 | |a Montejo, Alberto |9 21830 | ||
| 245 | |a Informe no.2. Replanteo de un puente y de una alcantarilla | ||
| 260 | |a [San José, Costa Rica] |c 1981 | ||
| 300 | |a [18] páginas | ||
| 500 | |a Universidad de Costa Rica. Facultad de Ingeniería. Departamento de Topografía. Trabajo para aprobar el curso de Topografía T-5005 | ||
| 700 | |9 21831 |a Jiménez, Constantino | ||
| 700 | |9 21832 |a Ulloa, Arnoldo | ||
| 700 | |9 21833 |a Vargas, Rodrigo | ||
| 700 | |9 21835 |a Rodriguez, Enrique | ||
| 942 | |c PIT |h PIT-142 |i PIT142 |6 PIT_142_PIT142 | ||
| 999 | |c 15253 |d 15253 | ||
